1529 1094 1915 1747 1257 1991 1167 1453 1237 1254 1055 1738 1733 1770 1561 1055 1878 1805 1670 1629 1723 1380 1553 1022 1217 1583 1323 1638 1764 1049 1770 1414 1254 1440 1771 1852 1689 1383 1065 1032 1682 1555 1938 1060 1600 1026 1215 1017 1660 1392 1526 1924 1476 1457 1713 1823 1106 1400 1569 1745 1571 1539 1211 1255 1013 1301 1892 1754 1533 1908 1701 1641 1107 1850 1503 1846 1365 1860 1941 1448 1762 1493 1976 1020 1457 1755 1659 1965 1437 1443 1409 1013 1673 1350 1989 1567 1547 1404 1306 BCNSPRNW ULIB Ver.6.0+V

เปลี่ยนเป็นภาษาไทย

Change to English
 แสดงรายละเอียดบรรณานุกรม
  กลับหน้าหลัก

Brief Record : Get Marc (ISO 2709) : E-mail record : QR code < ปิดหน้าต่าง
LEADER : 00000nam 2200000uu 4500
001    13399127075
003     ULIB
008    020711s2562 th a 000 0 tha d
020    ^a9786160444892
060    ^aWS103^bW-ด
100    ^aWILLIAM POTTER
245    ^aโดโนเสาร์ ชุด LOT OF SPOT ตามหาสนุกกระตุกปัญญา
250    ^aพิมพ์ครั้งที่ 1
260    ^aกรุงเทพฯ :^bนานมีบุ๊คส์คิดดี้,^c2562
300    ^a48 หน้า;^b26 ซม.
650    ^aเด็ก^xการเรียนการสอน
945    ^p125^l0^i006263
999    ^aประนอม เกษจรัล
รายการนี้ยังไม่มีแท็ก
คุณยังไม่ได้ล็อกอิน คุณสามารถมีกิจกรรมร่วมกับเว็บไซต์ได้ แต่ต้องล็อกอินก่อน ::
  ล็อกอิน

รายการสื่อสารสนเทศ

ลำดับที่ ประเภท เลขเรียก/บาร์โค้ด สถานที่ สถานะ
1. วิทยาศาสตร์การแพทย์ และสุขภาพ
วิทยาศาสตร์การแพทย์ และสุขภาพ
WS103 W-ด ฉ.1 
  Barcode: 006263
ห้องสมุดวิทยาเขตสวรรค์ประชารักษ์
►หนังสือทั่วไป
บนชั้น

รายการใกล้เคียง
    ผู้แต่ง [WILLIAM POTTER]

BibComment


ยังไม่เคยถูกคอมเมนท์

คอมเมนท์ทรัพยากรรายการนี้
  คอมเมนท์: โดโนเสาร์ ชุด LO..


 Copyright 2026. Bcnsprnw @Library